Statistics for Guess the NFL Player by teams played for

Click here to take the quiz!

General Stats

  • This quiz has been taken 214 times
  • The average score is 10 of 15

Answer Stats

PositionCollegeTeam 1Team 2Current TeamPlayer% Correct
QBTexas Tech2017 Chiefs---->2024 ChiefsPatrick Mahomes
98%
QBMichigan2000 Patriots2020 Buccaneers----> 2023 Buccaneers (Retired)Tom Brady
95%
WRWest Alabama2016 Chiefs2022 Dolphins----> 2024 DolphinsTyreek Hill
92%
QBGeorgia2009 Lions2021 Rams----> 2024 RamsMatthew Stafford
91%
TECincinnati2013 Chiefs---->2024 ChiefsTravis Kelce
89%
DETexas A&M2017 Browns---->2024 BrownsMyles Garrett
85%
WRCalifornia State2014 Packers2021 Raiders----> 2024 RaidersDavante Adams
76%
QBDelaware2008 Ravens2019 Broncos2021 Jets ----> 2024 BrownsJoe Flacco
72%
HBGeorgia2018 Browns---->2024 BrownsNick Chubb
66%
DTGeorgia2023 Eagles---->2024 EaglesJalen Carter
62%
DEKentucky2015 Ravens2019 Packers2022 Vikings ----> 2024 BrownsZa'Darius Smith
55%
WROhio State2023 Seahawks---->2024 SeahawksJaxon Smith-Njigba
46%
LBNorth Carolina1981 Giants---->1993 Giants (Retired)Lawrence Taylor
46%
HBUSC1969 Bills1978 49ers----> 1979 49ers (Retired)O.J Simpson
34%
CLSU2018 Saints2022 Chargers----> 2024 ChargersWill Clapp
18%

Score Distribution

Percentile by Number Answered

Percent of People with Each Score

Your Score History

You have not taken this quiz